Biblioteca de Selecciones. (Record no. 115033)

MARC details
000 -LEADER
campo de control de longitud fija 01324nam a2200337 i 4500
001 - NÚMERO DE CONTROL
campo de control 115033
003 - IDENTIFICADOR DE NÚMERO DE CONTROL
campo de control ES-MaACL
005 - FECHA Y HORA DE LA ÚLTIMA TRANSACCIÓN
campo de control 20240418143802.0
007 - CAMPO FIJO DE DESCRIPCIÓN FÍSICA--INFORMACIÓN GENERAL
campo de control de longitud fija t|
008 - DATOS DE LONGITUD FIJA--INFORMACIÓN GENERAL
campo de control de longitud fija 070219s1958 sp ||||1| spa d
080 ## - NÚMERO DE LA CLASIFICACIÓN DECIMAL UNIVERSAL
Número de la Clasificación Decimal Universal 821.111(73)-3"19"(082.2)
245 00 - MENCIÓN DEL TÍTULO
Título Biblioteca de Selecciones.
Número de parte o sección de la obra 4.
260 ## - PUBLICACIÓN, DISTRIBUCIÓN, ETC.
Lugar de publicación, distribución, etc. Madrid :
Nombre del editor, distribuidor, etc. Selecciones del Reader's Digest,
Fecha de publicación, distribución, etc. 1958.
300 ## - DESCRIPCIÓN FÍSICA
Extensión 478 p. ;
Dimensiones 20 cm.
490 1# - MENCIÓN DE SERIE
Mención de serie Biblioteca de Selecciones: las obras contemporáneas de mayor éxito ;
Designación de volumen o secuencia 4
505 8# - NOTA DE CONTENIDO CON FORMATO
Nota de contenido con formato Contiene: Nuestra isla virgen / por Robb White . Matador / por Barnaby Conrad . Memorias de un filósofo de campanario / autobiografía de Will Rogers . Humoradas de Punch . La voz que nadie oyó / por Morton Thompson
650 #7 - PUNTO DE ACCESO ADICIONAL DE MATERIA--TÉRMINO DE MATERIA
Término de materia o nombre geográfico como elemento de entrada Novela norteamericana
Fuente del encabezamiento o término
9 (RLIN) 146954
700 1# - ENTRADA AGREGADA--NOMBRE PERSONAL
Nombre de persona White, Robb.
9 (RLIN) 116685
700 1# - ENTRADA AGREGADA--NOMBRE PERSONAL
Nombre de persona Conrad, Barnaby.
9 (RLIN) 40214
700 1# - ENTRADA AGREGADA--NOMBRE PERSONAL
Nombre de persona Rogers, Will.
9 (RLIN) 174131
700 1# - ENTRADA AGREGADA--NOMBRE PERSONAL
Nombre de persona Thompsom, Morton.
9 (RLIN) 110063
710 2# - ENTRADA AGREGADA--NOMBRE DE ENTIDAD CORPORATIVA
Nombre de entidad corporativa o nombre de jurisdicción como elemento de entrada Selecciones del Reader's Digest.
9 (RLIN) 6545
740 02 - ENTRADA AGREGADA--TÍTULO RELACIONADO/ANALÍTICO NO CONTROLADO
Título relacionado o analítico no controlado Nuestra isla virgen.
740 02 - ENTRADA AGREGADA--TÍTULO RELACIONADO/ANALÍTICO NO CONTROLADO
Título relacionado o analítico no controlado Matador.
740 02 - ENTRADA AGREGADA--TÍTULO RELACIONADO/ANALÍTICO NO CONTROLADO
Título relacionado o analítico no controlado Memorias de un filósofo de campanario.
740 02 - ENTRADA AGREGADA--TÍTULO RELACIONADO/ANALÍTICO NO CONTROLADO
Título relacionado o analítico no controlado Humoradas de Punch.
740 32 - ENTRADA AGREGADA--TÍTULO RELACIONADO/ANALÍTICO NO CONTROLADO
Título relacionado o analítico no controlado La voz que nadie oyó.
830 1# - PUNTO DE ACCESO ADICIONAL DE SERIE-TÍTULO UNIFORME
Título uniforme Biblioteca de Selecciones: las obras contemporáneas de mayor éxito ;
Designación de volumen o secuencia 4
9 (RLIN) 185949
852 4# - LOCALIZACIÓN
Ubicación ES-MaACL
Número de control de estantería E-4210
Holdings
Estatus retirado Estado de pérdida Estado de daño No para préstamo Biblioteca de origen Biblioteca actual Ubicación en estantería Fecha de adquisición Fuente de adquisición Total de préstamos Signatura topográfica completa Código de barras Visto por última vez Precio de reemplazo Tipo de ítem Koha
        Biblioteca del Ateneo de Madrid Biblioteca del Ateneo de Madrid Depósito 2 17/01/2008     E-4210 1119954 23/02/2023 23/02/2023 Libro impreso